000
00230nam a2200097Ia 4500
001
686201
005
20250826161532.0
008
250824s9999 xx 000 0 und d
245
0
_a
KUDUZ AŞISI
_c
ALİ URAL
260
_b
ŞULE YAYINLARI
999
_c
686201
_d
686201